00767cam a2200229 a 450000100100000000500170001000800410002702000150006803500200008304000300010308200170013310000330015024500720018326000310025530000330028649000380031950400360035765000390039365000330043265000330046583000390049800001078520200929162307.0920828s1991 ve a b 000 0 spa d a9802594075 a(OCoLC)27118568 aDO-SdBNPcDLCdTxUdBNPHU a508.8bB388c1 aBecco, Horacio Jorge,d1924-10aCrónicas de la naturaleza del Nuevo Mundo /cHoracio Jorge Becco. aCaracas :bLagoven,c1991. a145, [2] p. :bil. ;c21 cm.1 aCuadernos Lagoven.aMedio milenio aBibliografía: (p. 145-[147]). 4aHistoria naturalzAmérica Latina 4aZoologíazAmérica Latina 4aBotánicazAmérica Latina 0aCuadernos Lagoven.pMedio milenio.